00421nam a2200181Ia 4500008004100000020001800041245002100059245001700080260001500097260002200112260000900134300001500143300002500158300001000183440001900193500000800212999001900220170705s9999 xx 000 0 und d a9780516243566 aTrees to paper / cInez Snyder. aNew York : bChildren's Press, c2003 a24 pages : bcolor illustration ; c15cm. aWelcome books. a160 c335448d335448